| 000 | 00716nam a2200229Ia 4500 | ||
|---|---|---|---|
| 005 | 20230606125737.0 | ||
| 008 | 131103s9999 xx 000 0 und d | ||
| 020 |
_a8178886448 _cRs.3500.00(set) |
||
| 040 | _aLoreto College | ||
| 041 | _aEnglish | ||
| 082 |
_a940 _bHAY |
||
| 100 | _aHayes,Carlton J.H. | ||
| 245 |
_aHistory of Europe 2 _b Foundation of Europe to the era of Cold War _cCarlton J.H.Hayes & C.A.Fyffe;edited and compiled by K.L.Verma |
||
| 260 |
_aNew Delhi _bDominant Publishers _c2011 |
||
| 300 | _aviii,727p | ||
| 504 | _aVol.II:Post Restoration to the end of Cold War | ||
| 650 | _aHistory-Europe | ||
| 651 | _aEurope-History | ||
| 700 | _aFyffe,C.A. | ||
| 850 | _aLCLIB | ||
| 942 | _cBK | ||
| 999 |
_c38490 _d88969 |
||